Taylor Swift - The Great War (Lyrics) - Statistics

General Stats
  • This quiz has been taken 2,575 times
  • The average score is 246 of 336
Answer Stats
Answer % Correct
a
97%
I
97%
the
97%
we
97%
We
97%
Great
95%
My
95%
my
95%
you
95%
You
95%
War
94%
war,
94%
in
90%
on
89%
to
89%
To
89%
was
89%
So
88%
so
88%
were
88%
we're
88%
All
87%
all
87%
that
87%
That
87%
for
86%
go
86%
it
86%
It
86%
me
86%
be
85%
survived
83%
And
82%
and
82%
hand
82%
like
82%
one
82%
your
82%
Your
82%
reached
80%
bruised
79%
some
79%
knuckles
77%
throughout
77%
crimson
75%
of
75%
violets
75%
clover
74%
no
74%
If
73%
over
73%
bloodshed,
71%
Always
70%
always
70%
as
70%
back
70%
I'd
70%
never
70%
with
69%
been
68%
betrayed
67%
got
67%
hair
67%
not
67%
up
67%
anymore
66%
down,
66%
down
66%
haze,
66%
sense
66%
vow
66%
cry
65%
Somewhere
65%
vowed
64%
battle
63%
her
62%
lost
62%
maybe
62%
Maybe
62%
But
61%
is
61%
remember
61%
something
61%
cursed
60%
talked
60%
punching
59%
sleep
59%
Sucker
59%
walls,
59%
bigger
58%
into
58%
night
58%
turned
58%
thought
57%
will
57%
come
56%
drew
56%
fire
56%
good
56%
have
56%
said
56%
more
55%
silence
55%
alone
54%
at
54%
blur
54%
did
54%
fight
54%
it's
54%
nearly
54%
off
54%
playing
54%
called
53%
desire,
53%
freely
53%
ground
53%
poison
53%
took
53%
trust
53%
truth
53%
closed,
52%
curtains
52%
honor
52%
letter
52%
poppy
52%
underground
52%
can
51%
faith
51%
Flashes
51%
from
51%
icy
51%
memory
51%
really
51%
yours
51%
diesel
50%
drank
50%
finger
50%
garden
50%
Looked
50%
place
50%
sweet
50%
tears
50%
treaties
50%
trigger
50%
blue,
49%
justified
49%
swinging
49%
things
49%
tomb
49%
Broken
48%
dream
48%
talking
48%
fair
47%
plant
47%
punish
47%
wasn't
47%
worst
47%
banners
46%
'Cause
46%
past
46%
Say
46%
Screaming
46%
that's
46%
would
46%
hairpin
45%
Telling
45%
egos
44%
prayer,
44%
Spineless
42%
crypt
41%
Tore
41%
troops
41%
glory,
40%
morning
39%
Soldier
39%
There's
39%
solemn
37%
burning
36%
bombs
34%
embers
33%
closer
32%
better
30%
burned
22%
No matching quizzes found
Score Distribution
Percent of People with Each Score
Percentile by Number Answered
Your Score History
You have not taken this quiz